| 000 | 00341nam a2200133Ia 4500 | ||
|---|---|---|---|
| 008 | 240624s9999 xx 000 0 und d | ||
| 041 | _aeng | ||
| 082 | _a332.64 WIS | ||
| 100 | _aWISE ROHANNA | ||
| 245 | _aHEDGING WISELY A NON EXPERT S GUIDE TO E | ||
| 260 |
_c2017 _aLondon _bRisk Books |
||
| 300 | _axi, 84 p,: 23 cm. | ||
| 365 |
_cBPS _b20 |
||
| 999 |
_c31144 _d31144 |
||